[Event "Florianopolis op 9th"]
[Site "Florianopolis"]
[Date "2023.01.23"]
[Round "1"]
[White "Coutinho, Lucas Buss Soares"]
[Black "Pimenta, Elisandro da Silva"]
[Result "0-1"]
[WhiteElo "1099"]
[BlackElo "1855"]
[PlyCount "60"]
[EventDate "2023.01.23"]
[EventType "swiss"]
[EventRounds "10"]
[EventCountry "BRA"]
[SourceTitle "CBM 212 Extra"]
[Source "ChessBase"]
[SourceDate "2023.03.31"]
[SourceVersion "1"]
[SourceVersionDate "2023.03.31"]
[SourceQuality "1"]

1. e4 d5 2. exd5 Qxd5 3. Nc3 Qa5 4. d4 c6 5. Nf3 Bg4 6. h3 Bh5 7. Be2 Nf6 8. 0-0 e6 9. a3 Nbd7 10. Bf4 Be7 11. b4 Qd8 12. Na4 0-0 13. c4 a6 14. Nc3 Nb6 15. Ne5 Bxe2 16. Nxe2 Nfd7 17. Rc1 Nxe5 18. Bxe5 Bf6 19. Bf4 Re8 20. c5 Nd5 21. Bg3 a5 22. Nc3 axb4 23. Nxd5 Qxd5 24. axb4 Bxd4 25. Qg4 e5 26. Rfd1 Ra3 27. Bxe5 Bxf2+ 28. Kxf2 Qxe5 29. Re1 Re3 30. Qd1 Rxe1 0-1

[Event "Florianopolis Spring op 2nd"]
[Site "Florianopolis"]
[Date "2022.10.23"]
[Round "5"]
[White "Zottis, Ernani"]
[Black "Coutinho, Lucas Buss Soares"]
[Result "0-1"]
[WhiteElo "1428"]
[BlackElo "1087"]
[PlyCount "73"]
[EventDate "2022.10.21"]
[EventType "swiss"]
[EventRounds "6"]
[EventCountry "BRA"]
[SourceTitle "EXT 2024"]
[Source "ChessBase"]
[SourceDate "2023.10.10"]
[SourceVersion "1"]
[SourceVersionDate "2023.10.10"]
[SourceQuality "1"]

1. e4 e5 2. Nc3 Nf6 3. Bc4 Nc6 4. d3 Bc5 5. Bg5 h6 6. Bh4 d6 7. a3 a6 8. Qd2 Nxe4 9. Bxd8 Nxd2 10. Kxd2 Nxd8 11. Ne4 Ba7 12. f3 Be6 13. Ba2 Bxa2 14. Rxa2 Ne6 15. Ne2 d5 16. N4c3 f6 17. Re1 0-0 18. Raa1 Nf4 19. Nxf4 exf4 20. Ne2 Be3+ 21. Kc3 Rfe8 22. Nd4 g6 23. Rf1 Kg7 24. Rad1 Bxd4+ 25. Kxd4 Re2 26. g4 fxg3 27. hxg3 Rxc2 28. Rde1 Rxb2 29. Re7+ Kg8 30. Rxc7 Rb3 31. Re1 Rxa3 32. Ree7 Kf8 33. Rxb7 Ra4+ 34. Kc5 Ra3 35. Kd4 Ra1 36. Rb6 Rg1 37. Rxa6 0-1

[Event "Concordia op 6th"]
[Site "Concordia"]
[Date "2022.10.14"]
[Round "6"]
[White "Fossatti, Igor Anton"]
[Black "Coutinho, Lucas Buss Soares"]
[Result "1-0"]
[WhiteElo "1423"]
[BlackElo "1087"]
[PlyCount "71"]
[EventDate "2022.10.12"]
[EventType "swiss"]
[EventRounds "9"]
[EventCountry "BRA"]
[SourceTitle "CBM 210 Extra"]
[Source "ChessBase"]
[SourceDate "2022.11.30"]
[SourceVersion "1"]
[SourceVersionDate "2022.11.30"]
[SourceQuality "1"]

1. e4 e5 2. Nf3 Nc6 3. Bc4 Bc5 4. c3 Nf6 5. d4 exd4 6. cxd4 Bb4+ 7. Bd2 Bxd2+ 8. Nbxd2 d5 9. exd5 Nxd5 10. 0-0 0-0 11. Bb3 Nb6 12. Nc4 Nxc4 13. Bxc4 Bg4 14. d5 Ne7 15. Qb3 Rb8 16. h3 Bh5 17. a4 Bg6 18. Rfe1 Re8 19. Nh4 Bf5 20. d6 Bg6 21. dxe7 Rxe7 22. Rxe7 Qxe7 23. Nxg6 hxg6 24. Qe3 Qb4 25. b3 Qd6 26. Qxa7 Re8 27. Qxb7 Qf6 28. Rf1 Qe7 29. a5 Qd8 30. a6 Qa8 31. Qxa8 Rxa8 32. Rd1 Kf8 33. Rd7 Ke8 34. Rxc7 f6 35. Rxg7 g5 36. Rg8+ 1-0